000
00308nam a22001097a 4500
008
160624b xxu||||| |||| 00| 0 eng d
100
_9
961
_a
Jones, D,
245
_a
The Pronounciation of English
260
_a
Lon
_b
Cambridge University Press
_c
1963
300
_a
The Pronounciation of English
942
_2
ddc
_c
BK
999
_c
766
_d
766